K-Pop - Statistiques

Statistiques générales
  • Ce quiz a été pris 403 fois
  • Le résultat moyen est 7 sur 12
Statistiques - réponses
Hint Réponse % Correct
2013 bts
95%
2016 black pink
94%
2017 Stray kids
85%
2020 aespa
59%
2022 new jeans
54%
2018 Ateez
51%
2019 itzy
51%
2020 enhypen
48%
2019 txt
48%
2018 g-idle
41%
2021 ive
39%
2022 le serafim
6%
Aucun quiz correspondant
Distribution des résultats
% des personnes avec chaque résultat
Percentile par nombre de réponses
Votre historique - résultats
Vous n’avez pas pris ce quiz